Ability testing in developing countries : (Registro nro. 4927)

Detalles MARC
000 -LEADER
fixed length control field 00684nam a2200205Ia 4500
003 - CONTROL NUMBER IDENTIFIER
control field OSt
005 - DATE AND TIME OF LATEST TRANSACTION
control field 20200403132634.0
008 - FIXED-LENGTH DATA ELEMENTS--GENERAL INFORMATION
fixed length control field 191128s1972 nyu gr 000 0 spa d
040 ## - CATALOGING SOURCE
Original cataloging agency CO-JMCR
Transcribing agency CO-JMCR
041 1# - LANGUAGE CODE
Language code of text/sound track or separate title spa
Language code of original eng
082 04 - DEWEY DECIMAL CLASSIFICATION NUMBER
Classification number 155.0287 /
Item number S139a
100 1# - MAIN ENTRY--PERSONAL NAME
Personal name Schawarz, Paul A.,
Relator term autor
9 (RLIN) 2487
245 10 - TITLE STATEMENT
Title Ability testing in developing countries :
Remainder of title a handbook of principles and techniques /
Statement of responsibility, etc. Paul A. Schawarz, Robert E. Krug
260 ## - PUBLICATION, DISTRIBUTION, ETC.
Place of publication, distribution, etc. New York :
Name of publisher, distributor, etc. Praeger Publishers,
Date of publication, distribution, etc. 1972
300 ## - PHYSICAL DESCRIPTION
Extent 244 páginas ;
Dimensions 23 cm
650 14 - SUBJECT ADDED ENTRY--TOPICAL TERM
Topical term or geographic name entry element Exámenes
General subdivision psicología
9 (RLIN) 2488
650 24 - SUBJECT ADDED ENTRY--TOPICAL TERM
Topical term or geographic name entry element Pruebas psicológicas
9 (RLIN) 2483
700 1# - ADDED ENTRY--PERSONAL NAME
Personal name Krug, Robert E.
Relator term autor
9 (RLIN) 2489
942 ## - ADDED ENTRY ELEMENTS (KOHA)
Source of classification or shelving scheme Dewey Decimal Classification
Koha item type Books
Existencias
Withdrawn status Lost status Source of classification or shelving scheme Materials specified (bound volume or other part) Damaged status Not for loan Home library Current library Shelving location Date acquired Source of acquisition Cost, normal purchase price Total Checkouts Full call number Barcode Date last seen Copy number Price effective from Koha item type
    Dewey Decimal Classification Donación--15/04/2018--     Biblioteca Pública José María del Castillo y Rada Biblioteca Pública José María del Castillo y Rada General Stacks 11/28/2019 Donación 0.00   155.0287 / S139a 430001015 05/16/2024 Ej.1 11/28/2019 Books